| 000 | 01650nam a2200301Ia 4500 | ||
|---|---|---|---|
| 999 |
_c55757 _d55757 |
||
| 001 | 22854 | ||
| 003 | GE_BSU | ||
| 005 | 20250124165539.0 | ||
| 008 | 181216s ||||ge |||||||||||||| ||geo|| | ||
| 040 | _cGE_BSU | ||
| 041 | _ageo | ||
| 080 | _a1(479.22)(092) ბ 13 | ||
| 100 |
_aბაგრატიონი, ირმა _918260 |
||
| 245 |
_aკონსტანტინე კაპანელის ფილოსოფია / _cირმა ბაგრატიონი ; რედ. გული შერვაშიძე, ანასტასია ზაქარიაძე. |
||
| 250 | _aმე-3 შესწორებული გამოცემა | ||
| 264 |
_aბათუმი : _bბათუმის შოთა რუსთაველის სახელმწ. უნ-ტის გამ-ბა, _c2018. |
||
| 300 |
_a376 გვ. ; _c20 სმ. |
||
| 500 | _aპარალელური თავფურცელი ინგლისურ და რუსულ ენებზე | ||
| 504 | _aბიბლიოგრ. : გვ. 370-376 | ||
| 541 | _h17ლ.77თ. | ||
| 653 | _aკაპანელი, კონსტანტინე. | ||
| 653 | _aკონსტანტინე კაპანელის ფილოსოფია | ||
| 653 | _aფილოსოფია | ||
| 653 | _aქართველი ფილოსოფოსები. | ||
| 700 |
_aშერვაშიძე, გული _eრედაქტორი _918261 |
||
| 700 |
_aზაქარიაძე, ანასტასია _eრედაქტორი _918262 |
||
| 942 |
_cBK _2udc |
||